| 000 | 01377ngm a22003250a 4500 | ||
|---|---|---|---|
| 001 | PT47157 | ||
| 003 | AR-LpoUNG | ||
| 005 | 20210202000005.0 | ||
| 007 | vd cvaizq | ||
| 008 | 191001s2002||||xxu|||||||||||||||||spa d | ||
| 037 | _c$7 | ||
| 040 |
_aAR-LpoUNG _bspa _cAR-LpoUNG _eaacr |
||
| 041 |
_aspa _aeng |
||
| 044 | _axxu | ||
| 082 | 0 | _a808.068 658v1 | |
| 100 | 1 |
_aWedge, Chris _edir. |
|
| 245 | 1 | 3 | _aLa era de hielo = The ice age |
| 260 |
_aCalifornia : _bTwentieth Century Fox, _c2002. |
||
| 300 | _aDVD (81 min.) : son., col. | ||
| 505 | 0 | _aSubtitulada en inglés y español. | |
| 520 | _aHace veinte mil años la Tierra era un mundo prehistórico maravilloso y lleno de peligros. Por esas fechas se iniciaba la Edad de Hielo. Es en este tiempo cuando surge la manada más extraña de la época: una mamut llamado Manfred, que hace las cosas a su manera; un oso perezoso extremadamente holgazán llamado Sid; un siniestro tigre de dientes de sable llamado Diego y una ardilla loca por las bellotas conocida como Scrat. Este cuarteto de desadaptados, se embarca inesperadamente en una increíble aventura para devolver un bebé humano con sus padres. | ||
| 653 | _aANIMACION | ||
| 653 | _aAVENTURA | ||
| 653 | _aDVD | ||
| 653 | _aVIDEOS | ||
| 653 | _aVIDEOS INFANTILES | ||
| 710 | 2 | _aBlue Sky Studios (Estados Unidos) | |
| 905 | _a47157 | ||
| 942 | _cDVD | ||
| 999 |
_c53919 _d53919 |
||